000 00663nam a2200205Ia 4500
003 GCL
008 140319s9999 xx 000 0 ara d
040 _aGCL /
_cGCL
082 0 4 _a150.14
_bع ف
100 1 _aعلى عبدالمعطى محمد
245 1 0 _aفلسفة الفن رؤية جديدة /
_cعلى عبدالمعطى محمد
260 _aالقاهرة :
_bدار النهضة العربية للطباعة والنشر ،
_c1985
300 _a267 ص ؛
_c24 سم
490 _a
650 0 4 _aالنقد
650 0 4 _aالفن, تاريخ ونقد
650 0 4 _aالفلسفة - نظريات
650 0 4 _aالابداع
942 _2ddc
_cBK
999 _c37762
_d37762